| 000 | 00803pam a2200241 a 4500 | ||
|---|---|---|---|
| 001 | 1670784 | ||
| 005 | 20180207050741.0 | ||
| 008 | 980522s1999 ctua bf 001 0 eng c | ||
| 010 | _a 98025824 | ||
| 020 | _a0838581579 (pbk. : alk. paper) | ||
| 040 |
_aDNLM/DLC _cDLC _dDLC |
||
| 041 | _aeng | ||
| 060 | 1 | 0 |
_aWB 460 _bM666p 1999 |
| 080 | _a610.73 MIR | ||
| 082 | 0 | 0 |
_a610.73 MIR _221 |
| 100 | 1 | _a3 | |
| 101 | _aSHM | ||
| 245 | 1 | 0 |
_aPatient care skills / _cMary A. Duesterhaus Minor, Scott Duesterhaus Minor ; photography by Robert Morrison. |
| 504 | _aIncludes bibliographical references and index. | ||
| 906 |
_a7 _bcbc _corignew _d1 _eocip _f19 _gy-gencatlg |
||
| 942 |
_2ddc _cBK |
||
| 999 |
_c42001 _d42001 |
||